English Counties: Populations Greater Than 1 Million Quiz Stats

 Plays Quiz Updated Nov 15, 2016

Challenge
Share
Tweet
Embed
Score 0/21 Timer 03:00
0 Plays Today
% Correct
Greater London
89.9%
Greater Manchester
86.7%
Essex
73.3%
West Midlands
64.7%
Merseyside
62.2%
Kent
61.7%
West Yorkshire
60.9%
South Yorkshire
60.8%
Lancashire
59.9%
Leicestershire
59.7%
Nottinghamshire
57.1%
% Correct
North Yorkshire
53.8%
Surrey
53.6%
Tyne and Wear
53.5%
Hampshire
48.7%
Derbyshire
45.9%
Hertfordshire
38.6%
Cheshire
36.8%
Devon
33.9%
Staffordshire
29.5%
Lincolnshire
28.7%

You're not logged in!

Compare scores with friends on all Sporcle quizzes.
OR
Log In

You Might Also Like...

Show Comments

Extras

Top Quizzes Today


Score Distribution

Your Account Isn't Verified!

In order to create a playlist on Sporcle, you need to verify the email address you used during registration. Go to your Sporcle Settings to finish the process.

Report this User

Report this user for behavior that violates our Community Guidelines.

Details: